KOHA-Header-6

International Marketing (Record no. 6348)

000 -LEADER
fixed length control field 00267nam a2200109Ia 4500
100 ## - MAIN ENTRY--AUTHOR NAME
Personal name Cateora, Graham
245 #0 - TITLE STATEMENT
Title International Marketing
260 ## - PUBLICATION, DISTRIBUTION, ETC. (IMPRINT)
Place of publication India
Name of publisher Dorling Kindersley
Year of publication 2001
300 ## - PHYSICAL DESCRIPTION
Number of Pages 2005
942 ## - ADDED ENTRY ELEMENTS (KOHA)
Koha item type Books
Holdings
Withdrawn status Lost status Collection code Permanent Location Current Location Shelving location Date acquired Full call number Accession Number Koha item type
    Marketing MAJU MAJU   2019-09-07 658.4012 6011 Marketing

Powered by Koha